000 00984nam a2200253 a 4500
001 BRCA_7343
005 20190320205812.0
008 250113s2012----sp-a######---#000-0#spa-#
020 _a9786076051009
041 _aspa
044 _asp
050 4 _aND1352.M4
_b.K75 2012
100 1 _aKrieger, Peter
_918157
245 1 0 _aTransformaciones del paisaje urbano en México
_brepresentación y registro visual = Transformations in Mexico´s Urban Landscape. Representation and Visual Record
_cPeter Krieger ; traducción Fionn Petch.
260 _aEspaña
_bINBA : MUNAL
_c2012
300 _a251 p.
_bil. (algunas a color)
_c31 cm.
500 _a2do. ejemplar en el Área de Investigación
546 _aTexto en: español e inglés
650 1 4 _aPintura paisajista mexicana
_9790
650 1 4 _aPaisaje en el arte
_zMéxico
_918158
700 1 _aPetch, Fionn
_etr.
_918159
740 0 _aTransformations in Mexico´s Urban Landscape. Representation and Visual Record
942 _2lcc
_cB
999 _c7019
_d7019